Lí luận văn học Vấn đề và suy nghĩ

Đặc trưng của văn học,văn học trong quá trình phát triển lịch sử,loại thể văn họ,các tác phẩm văn học

Đã lưu trong:
Bibliografiske detaljer
Hovedforfatter: Nguyễn Văn Hạnh
Andre forfattere: Huỳnh Như Phương (tác giả)
Format: Bog
Sprog:Vietnamese
Udgivet: H. Giaó dục 1999
Udgivelse:Tái bản lần thứ 2
Fag:
Tags: Tilføj Tag
Ingen Tags, Vær først til at tagge denne postø!
Thư viện lưu trữ: Mạng thư viện Đại học Đà Nẵng
LEADER 01107nam a2200361 4500
001 000010041
003 6240
005 20111109141124.0
008 111109s1999 viesd
020 |c 10000đ 
041 0 |a vie 
082 |a 801  |b NG-H 
100 0 |a Nguyễn Văn Hạnh 
245 0 |a Lí luận văn học  |b Vấn đề và suy nghĩ  |c Nguyễn Văn Hạnh,Huỳnh Như Phương 
250 |a Tái bản lần thứ 2 
260 |a H.  |b Giaó dục  |c 1999 
300 |a 224tr.  |c 21 cm 
504 |a Thư mục:tr.216-223 
520 |a Đặc trưng của văn học,văn học trong quá trình phát triển lịch sử,loại thể văn họ,các tác phẩm văn học 
653 |a lí luận 
653 |a văn học 
653 |a nhà văn 
653 |a tác phẩm văn học 
700 |a Huỳnh Như Phương  |e tác giả 
910 |a quỳnh  |d 9/11/2011 
OWN |a LSP 
999 |a From the UDN01 
TYP |a Monograph 
TYP |a Printed language 
980 |a Mạng thư viện Đại học Đà Nẵng